<?xml version="1.0" encoding="UTF-8"?>
<record
    xmlns:xsi="http://www.w3.org/2001/XMLSchema-instance"
    xsi:schemaLocation="http://www.loc.gov/MARC21/slim http://www.loc.gov/standards/marcxml/schema/MARC21slim.xsd"
    xmlns="http://www.loc.gov/MARC21/slim">

  <leader>02279njm a2200433Ia 4500</leader>
  <controlfield tag="001">25921</controlfield>
  <controlfield tag="003">IT-RoPAU</controlfield>
  <controlfield tag="005">20220918181118.0</controlfield>
  <controlfield tag="008">131025s9999    xx            000 0 und d</controlfield>
  <datafield tag="040" ind1=" " ind2=" ">
    <subfield code="a">IT-RoPAU</subfield>
  </datafield>
  <datafield tag="040" ind1=" " ind2=" ">
    <subfield code="c">IT-RoPAU</subfield>
  </datafield>
  <datafield tag="041" ind1=" " ind2=" ">
    <subfield code="a">INGLESE</subfield>
  </datafield>
  <datafield tag="999" ind1=" " ind2=" ">
    <subfield code="c">99572</subfield>
    <subfield code="d">99572</subfield>
  </datafield>
  <datafield tag="999" ind1=" " ind2=" ">
    <subfield code="b">n.d.</subfield>
  </datafield>
  <datafield tag="100" ind1=" " ind2=" ">
    <subfield code="a">AA.VV.</subfield>
    <subfield code="9">794</subfield>
  </datafield>
  <datafield tag="100" ind1=" " ind2=" ">
    <subfield code="e">Autore musica</subfield>
    <subfield code="9">14911</subfield>
  </datafield>
  <datafield tag="100" ind1=" " ind2=" ">
    <subfield code="g">Codice autore musica SPICS: 12000</subfield>
    <subfield code="9">796</subfield>
  </datafield>
  <datafield tag="245" ind1=" " ind2=" ">
    <subfield code="a">Electric Universe</subfield>
  </datafield>
  <datafield tag="250" ind1=" " ind2=" ">
    <subfield code="a">1a ed.</subfield>
  </datafield>
  <datafield tag="260" ind1=" " ind2=" ">
    <subfield code="a">HOLLAND</subfield>
  </datafield>
  <datafield tag="260" ind1=" " ind2=" ">
    <subfield code="b">CBS</subfield>
    <subfield code="c">1983 [1a Ed.:1983 - Ed. Lingua Orig.: 1983]</subfield>
  </datafield>
  <datafield tag="300" ind1=" " ind2=" ">
    <subfield code="a">DISCO</subfield>
  </datafield>
  <datafield tag="300" ind1=" " ind2=" ">
    <subfield code="c">50 minuti (Testo:  pag.)</subfield>
  </datafield>
  <datafield tag="500" ind1=" " ind2=" ">
    <subfield code="a">Musica pop</subfield>
  </datafield>
  <datafield tag="505" ind1=" " ind2=" ">
    <subfield code="a">Magnetic (5:00) - Touch (5:00) - Moonwalk (5:00) - Could It Be Right (6:00) - Electric Nation (5:00) - Sweet Sassy Lady (5:00) - We're Living In Our Own Time (6:00) - Spirit of a New World (5:00)</subfield>
  </datafield>
  <datafield tag="650" ind1=" " ind2=" ">
    <subfield code="a">POP [DISCHI]</subfield>
    <subfield code="e">Codice MATERIA SPICS: 9950</subfield>
    <subfield code="9">1001</subfield>
  </datafield>
  <datafield tag="700" ind1=" " ind2=" ">
    <subfield code="a">Earth Wind &amp; Fire </subfield>
    <subfield code="g">Codice interprete SPICS: 7023</subfield>
    <subfield code="e">Interprete</subfield>
    <subfield code="9">14912</subfield>
  </datafield>
  <datafield tag="700" ind1=" " ind2=" ">
    <subfield code="a">Page Martin</subfield>
    <subfield code="g">Codice autore musica SPICS: 27943</subfield>
    <subfield code="e">Autore musica</subfield>
    <subfield code="p">Magnetic - Touch - Electric Nation - Spirit of a New World</subfield>
    <subfield code="9">14913</subfield>
  </datafield>
  <datafield tag="700" ind1=" " ind2=" ">
    <subfield code="a">Lind Jon</subfield>
    <subfield code="g">Codice autore SPICS: 25260</subfield>
    <subfield code="e">Autore</subfield>
    <subfield code="p">Touch</subfield>
    <subfield code="9">14914</subfield>
  </datafield>
  <datafield tag="700" ind1=" " ind2=" ">
    <subfield code="a">O'Connor Donald</subfield>
    <subfield code="g">Codice autore musica SPICS: 27944</subfield>
    <subfield code="e">Autore musica</subfield>
    <subfield code="p">Moonwalk</subfield>
    <subfield code="9">14915</subfield>
  </datafield>
  <datafield tag="700" ind1=" " ind2=" ">
    <subfield code="a">Porter David</subfield>
    <subfield code="g">Codice autore SPICS: 27945</subfield>
    <subfield code="e">Autore</subfield>
    <subfield code="p">Moonwalk</subfield>
    <subfield code="9">14916</subfield>
  </datafield>
  <datafield tag="700" ind1=" " ind2=" ">
    <subfield code="a">White Maurice</subfield>
    <subfield code="g">Codice autore musica SPICS: 23080</subfield>
    <subfield code="e">Autore musica</subfield>
    <subfield code="p">Could It Be Right - Electric Nation - Sweet Sassy Lady - We're Living In Our Own Time - Spirit of a New World</subfield>
    <subfield code="9">14917</subfield>
  </datafield>
  <datafield tag="700" ind1=" " ind2=" ">
    <subfield code="a">Foster David</subfield>
    <subfield code="g">Codice autore SPICS: 21699</subfield>
    <subfield code="e">Autore</subfield>
    <subfield code="p">Could It Be Right - Spirit of a New World</subfield>
    <subfield code="9">14918</subfield>
  </datafield>
  <datafield tag="700" ind1=" " ind2=" ">
    <subfield code="a">Willis Allee</subfield>
    <subfield code="g">Codice autore testo/musica SPICS: 27946</subfield>
    <subfield code="e">Autore testo/musica</subfield>
    <subfield code="p">Could It Be Right - We're Living In Our Own Time</subfield>
    <subfield code="9">14919</subfield>
  </datafield>
  <datafield tag="700" ind1=" " ind2=" ">
    <subfield code="a">Fairweather Brian</subfield>
    <subfield code="g">Codice autore SPICS: 27947</subfield>
    <subfield code="e">Autore</subfield>
    <subfield code="p">Electric Nation</subfield>
    <subfield code="9">14920</subfield>
  </datafield>
  <datafield tag="700" ind1=" " ind2=" ">
    <subfield code="a">Vaughn Wayne</subfield>
    <subfield code="g">Codice autore SPICS: 23082</subfield>
    <subfield code="e">Autore</subfield>
    <subfield code="p">Sweet Sassy Lady</subfield>
    <subfield code="9">14921</subfield>
  </datafield>
  <datafield tag="700" ind1=" " ind2=" ">
    <subfield code="a">Vaughn Wanda</subfield>
    <subfield code="g">Codice autore testo/musica SPICS: 23081</subfield>
    <subfield code="e">Autore testo/musica</subfield>
    <subfield code="p">Sweet Sassy Lady</subfield>
    <subfield code="9">14922</subfield>
  </datafield>
  <datafield tag="700" ind1=" " ind2=" ">
    <subfield code="a">Colombier Michel</subfield>
    <subfield code="g">Codice autore SPICS: 27948</subfield>
    <subfield code="e">Autore</subfield>
    <subfield code="p">We're Living In Our Own Time</subfield>
    <subfield code="9">14923</subfield>
  </datafield>
  <datafield tag="942" ind1=" " ind2=" ">
    <subfield code="c">MD</subfield>
    <subfield code="2">ddc</subfield>
  </datafield>
  <datafield tag="952" ind1=" " ind2=" ">
    <subfield code="0">0</subfield>
    <subfield code="1">0</subfield>
    <subfield code="4">0</subfield>
    <subfield code="6">25921_000000000000000</subfield>
    <subfield code="7">1</subfield>
    <subfield code="a">SPICS</subfield>
    <subfield code="b">SPICS</subfield>
    <subfield code="d">2013-10-25</subfield>
    <subfield code="l">0</subfield>
    <subfield code="o">25921</subfield>
    <subfield code="r">2013-10-25 00:00:00</subfield>
    <subfield code="w">2013-10-25</subfield>
    <subfield code="y">MD</subfield>
    <subfield code="z">Progr. Ins.: 5794 / N.Vol.: 1 / Copie: 1 - Copia rara: n.d. / date import: 01.01.2014 - By Epidotti, Trombetti, Vaglietti</subfield>
  </datafield>
</record>
